000 00584nam a2200241 a 4500
001 nice12345678
003 IN_TiNIC
005 20260116011742.0
008 050524s1961 hyda grp 000 0 urd
020 _a
_c4
082 0 0 _a891.41
_bSHA6
100 _aSharif, Mohd Jamal
245 _aHayat-E-Amjad
260 _aHyderabad
_bMarkazi Anjuman Taleemus Salat
_c1961
300 _a184p
500 _aincludes index and biblioraphy
505 2 _aIndex
650 _aUrdu-Poetry-amjad
700 1 _aSharif, Mohd Jamal
902 _bSRS
942 _cBK
999 _c3701
_d3701